riverdale episodes - Statistics

General Stats
  • This quiz has been taken 72 times
    26 since last reset
  • The average score is 36 of 137
Answer Stats
chapter/ episode number Answer % Correct
chapter 1 The Rivers Edge
57%
chapter 10 The Lost Weekend
43%
Chapter 18 When a Stranger Calls
43%
Chapter 74 Wicked little town
43%
chapter 12 Anatomy of a Murder
36%
Chapter 51 Big Fun
36%
chapter 3 Body Double
36%
chapter 6 Faster, Pussycats! Kill! Kill!
36%
Chapter 137 Goodbye Riverdale
36%
Chapter 79 Graduation
36%
Chapter 21 House of the Devil
36%
Chapter 65 In Treatment
36%
Chapter 76 Killing mr Honey
36%
chapter 36 ( season 3 premier) Labor Day
36%
chapter 9 La Grande Illusion
36%
Chapter 69 Men of Honor
36%
chapter 98 Mr Cypher
36%
Chapter 95 Riverdale: RIP
36%
Chapter 22 Silent Night, Deadly Night
36%
Chapter 57 Survive the Night
36%
Chapter 40 The Great Escape
36%
Chapter 81 The Homecoming
36%
Chapter 42 The Man in Black
36%
chapter 8 The Outsiders
36%
Chapter 45 The Stranger
36%
chapter 13 The Sweet Hereafter
36%
Chapter 103 the town
36%
chapter 14 A Kiss Before Dying
29%
Chapter 38 As Above, So Below
29%
chapter 2 A Touch of Evil
29%
Chapter 92 Band of Brothers
29%
Chapter 35 Brave New World
29%
Chaper 88 Citizen Lodge
29%
season 5, chapter 77 Climax
29%
Chapter 93 Dance of death
29%
Chapter 19 Death Proof
29%
Chapter 85 Destroyer
29%
Chapter 60 Dog Day Afternoon
29%
Chapter 54 Fear the Reaper
29%
Chapter 83 Fire in the sky
29%
Chapter 49 Fire Walk With Me
29%
chapter 37 Fortune and Men's Eyes
29%
Chapter 97 Ghost Stories
29%
Chapter 61 Halloween
29%
chapter 5 Heart of Darkness
29%
Chapter 63 Hereditary
29%
Chapter 71 How to Get Away with Murder
29%
chapter 7 In a Lonely Place
29%
Chapter 58 In Memoriam
29%
Chapter 34 Judgement Night
29%
Chapter 84 Lock & Key
29%
Chapter 75 Lynchian
29%
Chapter 41 Manhunter
29%
Chapter 94 Next to normal
29%
chapter 15 Nighthawks
29%
Chapter 44 No Exit
29%
Chapter 123 Peep Show
29%
Chapter 29 Primary Colors
29%
Chapter 32 Prisoners
29%
Chapter 55 Prom Night
29%
Chapter 80 Purgatorio
29%
Chapter 68 Quiz Show
29%
chapter 48 Requiem for a Welterweight
29%
Chapter 89 Reservoir Dogs
29%
Chapter 33 Shadow of a Doubt
29%
Chapter 87 Strange Bedfellows
29%
Chapter 20 Tales From the Darkside
29%
Chapter 23 The Blackboard Jungle
29%
Chapter 56 The Dark secret of Harvest house
29%
Chapter 64 The Ice Storm
29%
chapter 4 The Last Picture Show
29%
Chapter 73 The Locked Room
29%
Chapter 39 The Midnight Club
29%
Chapter 90 The Night Gallery
29%
Chapter 30 The Noose Tightens
29%
Chapter 86 The Pincushion man
29%
Chapter 78 The Preppy Murders
29%
Chapter 52 The Raid
29%
Chapter 46 The Red Dahlia
29%
Chapter 28 There will Be Blood
29%
Chapter 26 The Tell-Tale Heart
29%
Chapter 16 The Watcher in the Woods
29%
Chapter 25 The Wicked and the Divine
29%
chapter 114 the witches of riverdale
29%
Chapter 99 the witching Hour
29%
Chapter 24 The Wrestler
29%
Chapter 72 To Die for
29%
chapter 11 To Riverdale and Back Again
29%
Chapter 67 Varsity Blues
29%
Chapter 96 Welcome to Rivervale
29%
Chapter 62 Witnesss for the Prosecution
29%
Chapter 134 A Different kind of cat
21%
Chapter 129 After the Fall
21%
Chapter 50 American Dreams
21%
Chapter 127 American graffiti
21%
Chapter 106 Angels in America
21%
Chapter 82 Back to School
21%
Chapter 126 Betty & Veronica Double Digest
21%
Chapter 113 Biblical
21%
Chapter 47 Bizarrodale
21%
Chapter 111 Blue Collar
21%
Chapter 102 Death at a funeral
21%
Chapter 124 Dirty Dancing
21%
chapter 118 Don't worry darling
21%
Chapter 108 Ex Libris
21%
Chapter 59 Fast Times at Riverdale High
21%
Chapter 135 for a better tomorrow
21%
Chapter 128 Halloween 2
21%
Chapter 125 Hoop Dreams
21%
Chapter 53 Jawbreaker
21%
chapter 121 Love and Marriage
21%
chapter 117 Night of the comet
21%
Chapter 43 Outbreak
21%
chapter 120 sex education
21%
Chapter 133 Stag
21%
chapter 122 tales in a jugular vein
21%
Chapter 130 The Crucible
21%
Chapter 27 The Hills Have Eyes
21%
Chapter 100 the Jughead paradox
21%
chapter 116 the stand
21%
Chapter 101 Unbelievable
21%
Chapter 109 Venomous
21%
Chapter 131 Archie the Musical
14%
Chapter 105 Folk Heroes
14%
Chapter 70 Ides of March
14%
Chapter 132 Miss teen Riverdale
14%
Chapter 91 Return of the Pussycats
14%
chapter 115 return to rivervale
14%
chapter 119 skip, hop and thump
14%
Chapter 136 the golden age of television
14%
Chapter 31 A Night to Remeber
7%
Chapter 107 The Fog
7%
Chapter 104 The serpent Queen's gambit
7%
Chapter 66 Tnagerine
7%
Chapter 112 American pyschos
0%
Chapter 17 The Town That Dreaded Subdown
0%
Chapter 110 Things go Bump in the Night
0%
No matching quizzes found
Score Distribution
Percent of People with Each Score
Percentile by Number Answered
Your Score History
You have not taken this quiz since the last reset